Football teams by wins since 2000 - Statistics

General Stats
  • This quiz has been taken 20 times
  • The average score is 16 of 32
Answer Stats
Hint Answer % Correct
254-99 Patriots
93%
226-124-3 Steelers
79%
217-136 Colts
71%
223-128-2 Packers
71%
194-159 Broncos
64%
192-161 Chiefs
64%
203-148-2 Eagles
64%
204-149 Saints
64%
118-234-1 Browns
57%
178-175 Chargers
57%
122-229-2 Lions
57%
209-144 Ravens
57%
201-151-1 Seahawks
57%
186-167 Cowboys
50%
175-177-1 Falcons
50%
154-199 Jets
50%
180-171-2 Vikings
50%
171-182 Bears
43%
161-192 Bills
43%
131-222 Jaguars
43%
166-186-1 Rams
43%
139-182 Texans
43%
183-170 Titans
43%
159-190-4 Bengals
36%
168-185 Dolphins
36%
168-185 Giants
36%
164-188-1 49ers
29%
156-195-2 Cardinals
29%
146-206-1 Commanders
29%
167-185-1 Panthers
29%
143-210 Raiders
29%
162-191 Buccaneers
21%
No matching quizzes found
Score Distribution
Percent of People with Each Score
Percentile by Number Answered
Your Score History
You have not taken this quiz